| 000 | 00481cam a2200193ua 4500 | ||
|---|---|---|---|
| 001 | 2438 | ||
| 008 | 110817n ii |||gr||||Z||||||asm | ||
| 020 | _a81-7206-142-X | ||
| 040 | _cMAIN | ||
| 082 | _a784.1954162 | ||
| 100 | 1 |
_aDuarah, Dharmeswar, _eAuthor. |
|
| 245 | 1 |
_aAsamar badyajantra _cby Dharmeswar Duarah |
|
| 250 | _a1st. | ||
| 260 |
_aGuahati: _bBani Mandir, _c2005. |
||
| 300 |
_a102p: _bill; _c23cm. |
||
| 653 | _aFolklore | ||
| 653 | _aAssamese culture | ||
| 942 | _cBK | ||
| 999 |
_c2295 _d2295 |
||